[Event "Kaltern op 5th"]
[Site "Kaltern"]
[Date "2022.10.21"]
[Round "1"]
[White "Olivetti, Davide"]
[Black "Capraro, Fabio"]
[Result "1-0"]
[WhiteElo "2144"]
[BlackElo "1908"]
[PlyCount "57"]
[EventDate "2022.10.21"]
[EventType "swiss"]
[EventRounds "5"]
[EventCountry "ITA"]
[SourceTitle "EXT 2024"]
[Source "ChessBase"]
[SourceDate "2023.10.10"]
[SourceVersion "1"]
[SourceVersionDate "2023.10.10"]
[SourceQuality "1"]

1. e4 c5 2. Nf3 a6 3. g3 Nc6 4. Bg2 d6 5. 0-0 g6 6. d4 Bg4 7. dxc5 dxc5 8. Qxd8+ Rxd8 9. h3 Bxf3 10. Bxf3 Bg7 11. Nc3 Nf6 12. e5 Nxe5 13. Bxb7 0-0 14. Bxa6 Nf3+ 15. Kg2 Nd4 16. Bd3 c4 17. Bxc4 Nxc2 18. Rb1 Rc8 19. Bd3 Nb4 20. Be2 Rfd8 21. Rd1 Nfd5 22. Nxd5 Nxd5 23. a4 Rc2 24. Bd3 Rc5 25. Be4 f5 26. b4 Rxc1 27. Bxd5+ Rxd5 28. Rbxc1 Rd8 29. Rb1 1-0

[Event "Davos Challenge op"]
[Site "Davos"]
[Date "2022.06.06"]
[Round "6"]
[White "Olivetti, Davide"]
[Black "Udipi, Kala Kishan"]
[Result "1-0"]
[WhiteElo "2162"]
[BlackElo "1982"]
[PlyCount "45"]
[EventDate "2022.06.03"]
[EventType "swiss"]
[EventRounds "7"]
[EventCountry "SUI"]
[SourceTitle "CBM 208 Extra"]
[Source "ChessBase"]
[SourceDate "2022.07.31"]
[SourceVersion "1"]
[SourceVersionDate "2022.07.31"]
[SourceQuality "1"]

1. e4 c5 2. Nf3 Nc6 3. b4 Nxb4 4. c3 Nc6 5. d4 d5 6. exd5 Qxd5 7. Na3 Bg4 8. Bc4 Qe4+ 9. Be3 e6 10. 0-0 cxd4 11. Nb5 0-0-0 12. cxd4 Bxf3 13. gxf3 Qh4 14. Qc1 a6 15. Bg5 Qh5 16. Na7+ Kb8 17. Nxc6+ bxc6 18. Rb1+ Kc7 19. Bxd8+ Kxd8 20. Qf4 f5 21. Qb8+ Ke7 22. Rb7+ Kf6 23. Qxf8+ 1-0

[Event "Davos Challenge op"]
[Site "Davos"]
[Date "2022.06.05"]
[Round "5"]
[White "Butenandt, Svenja"]
[Black "Olivetti, Davide"]
[Result "1/2-1/2"]
[WhiteElo "2062"]
[BlackElo "2162"]
[PlyCount "88"]
[EventDate "2022.06.03"]
[EventType "swiss"]
[EventRounds "7"]
[EventCountry "SUI"]
[SourceTitle "CBM 208 Extra"]
[Source "ChessBase"]
[SourceDate "2022.07.31"]
[SourceVersion "1"]
[SourceVersionDate "2022.07.31"]
[SourceQuality "1"]

1. d4 Nf6 2. c4 g6 3. Nc3 Bg7 4. e4 d6 5. Nf3 0-0 6. Be2 Nbd7 7. 0-0 e5 8. d5 Nc5 9. Qc2 a5 10. Bg5 h6 11. Be3 Nh5 12. g3 f5 13. Nh4 f4 14. Nxg6 f3 15. Nxf8 Qxf8 16. Bd1 Bh3 17. Re1 Bg2 18. Nb1 Nf4 19. Bxf4 exf4 20. Nd2 fxg3 21. hxg3 Qf7 22. Nf1 Qh5 23. Nh2 Rf8 24. Qd2 Nd7 25. e5 Nxe5 26. Re4 Bf6 27. Rf4 Rf7 28. Qc2 Bg7 29. Qe4 Re7 30. Bc2 Bf8 31. Qf5 Qxf5 32. Bxf5 Bg7 33. Rb1 h5 34. Rh4 Bf6 35. Be6+ Kg7 36. Re4 c5 37. b3 Re8 38. Nf1 Bxf1 39. Rxf1 Bg5 40. Rfe1 Kg6 41. Bh3 Ra8 42. a4 Ra6 43. Rb1 Rb6 44. Bf1 Rb4 1/2-1/2

[Event "Davos Challenge op"]
[Site "Davos"]
[Date "2022.06.04"]
[Round "3"]
[White "Olivetti, Davide"]
[Black "Yakimenko, Alexander A"]
[Result "1/2-1/2"]
[WhiteElo "2162"]
[BlackElo "2018"]
[PlyCount "82"]
[EventDate "2022.06.03"]
[EventType "swiss"]
[EventRounds "7"]
[EventCountry "SUI"]
[SourceTitle "CBM 208 Extra"]
[Source "ChessBase"]
[SourceDate "2022.07.31"]
[SourceVersion "1"]
[SourceVersionDate "2022.07.31"]
[SourceQuality "1"]

1. e4 e6 2. d4 d5 3. Nd2 Nc6 4. Ngf3 Nf6 5. e5 Nd7 6. Bd3 Nb4 7. Be2 c5 8. c3 Nc6 9. 0-0 Qb6 10. Nb3 a5 11. a4 Be7 12. Be3 Qc7 13. Bb5 c4 14. Nc1 Na7 15. Bxd7+ Bxd7 16. Bg5 Bf8 17. Ne2 h6 18. Bh4 g5 19. Bg3 Be7 20. Nd2 h5 21. h3 g4 22. hxg4 hxg4 23. Nf4 Rg8 24. Re1 Qb6 25. Qc2 Nc6 26. Nf1 0-0-0 27. Ne3 Rde8 28. Qe2 Bg5 29. Nxg4 Ne7 30. Nh3 Nf5 31. Bf4 Bxf4 32. Nxf4 Rg5 33. Nf6 Rh8 34. N4h5 Qd8 35. g3 Rgxh5 36. Nxh5 Qg5 37. Nf4 Nxg3 38. fxg3 Qxg3+ 39. Ng2 Rh3 40. Rf1 Qh2+ 41. Kf2 Qg3+ 1/2-1/2

[Event "Lignano Sabbiadoro op 6th"]
[Site "Lignano Sabbiadoro"]
[Date "2020.08.05"]
[Round "6"]
[White "Olivetti, Davide"]
[Black "Persico, Lorenzo"]
[Result "1-0"]
[WhiteElo "2221"]
[BlackElo "1929"]
[PlyCount "81"]
[EventDate "2020.08.01"]
[EventType "swiss"]
[EventRounds "9"]
[EventCountry "ITA"]
[SourceTitle "EXT 2021"]
[Source "ChessBase"]
[SourceDate "2020.10.23"]
[SourceVersion "1"]
[SourceVersionDate "2020.10.23"]
[SourceQuality "1"]

1. e4 e5 2. Nf3 Nc6 3. d4 exd4 4. Nxd4 Nf6 5. Nxc6 bxc6 6. Nd2 d5 7. exd5 cxd5 8. Bb5+ Bd7 9. Bxd7+ Qxd7 10. 0-0 Be7 11. Qf3 0-0 12. b3 Rfe8 13. Bb2 c6 14. Rad1 Qg4 15. Qd3 Nh5 16. h3 Qf4 17. c4 Rad8 18. cxd5 Rxd5 19. Qe4 Qb8 20. Nc4 Bc5 21. Qf3 Qf4 22. Qxf4 Nxf4 23. Rxd5 cxd5 24. Ne5 a6 25. Rd1 f6 26. Nd7 Ba7 27. Bxf6 gxf6 28. Nxf6+ Kf7 29. Nxe8 Kxe8 30. g3 Ne2+ 31. Kf1 Nc3 32. Re1+ Kf7 33. Re5 Kf6 34. Re8 Ne4 35. g4 Bc5 36. Rc8 Ke5 37. f3 Nd2+ 38. Ke2 Bb4 39. a3 Nxf3 40. Kxf3 Bxa3 41. Ra8 1-0

[Event "Lignano Sabbiadoro op 6th"]
[Site "Lignano Sabbiadoro"]
[Date "2020.08.03"]
[Round "3"]
[White "Lumachi, Gabriele"]
[Black "Olivetti, Davide"]
[Result "1/2-1/2"]
[WhiteElo "2306"]
[BlackElo "2221"]
[PlyCount "86"]
[EventDate "2020.08.01"]
[EventType "swiss"]
[EventRounds "9"]
[EventCountry "ITA"]
[SourceTitle "EXT 2021"]
[Source "ChessBase"]
[SourceDate "2020.10.23"]
[SourceVersion "1"]
[SourceVersionDate "2020.10.23"]
[SourceQuality "1"]

1. d4 Nf6 2. Nf3 g6 3. c4 Bg7 4. g3 0-0 5. Bg2 c5 6. 0-0 d6 7. dxc5 dxc5 8. Ne5 Qc7 9. Nd3 Nc6 10. Nc3 Bf5 11. Be3 Nd4 12. Bf4 Qc8 13. Rc1 Bh3 14. e3 Bxg2 15. Kxg2 Qc6+ 16. f3 Ne6 17. Be5 Ng4 18. Nd5 Qxd5 19. cxd5 Nxe3+ 20. Kg1 Nxd1 21. dxe6 Ne3 22. Rfe1 Nf5 23. Bxg7 Kxg7 24. Nxc5 Nd4 25. Kg2 b6 26. Na6 Nxe6 27. Nc7 Nxc7 28. Rxc7 Rfe8 29. Rexe7 Rxe7 30. Rxe7 Rc8 31. Rxa7 Rc2+ 32. Kg1 Rxb2 33. Rb7 b5 34. a4 b4 35. a5 Ra2 36. Rxb4 Rxa5 37. Rb2 h5 38. h4 Ra3 39. Kg2 Rc3 40. Ra2 Rd3 41. Rb2 Rc3 42. Ra2 Rd3 43. Rb2 Rc3 1/2-1/2

[Event "AUT-chT2O 1920"]
[Site "Austria"]
[Date "2020.02.29"]
[Round "8.6"]
[White "Olivetti, Davide"]
[Black "Braun, Karl Heinz"]
[Result "1/2-1/2"]
[WhiteElo "2192"]
[BlackElo "2052"]
[PlyCount "62"]
[EventDate "2019.10.19"]
[EventType "team-tourn"]
[EventRounds "11"]
[EventCountry "AUT"]
[SourceTitle "CBM 195 Extra"]
[Source "ChessBase"]
[SourceDate "2020.05.31"]
[SourceVersion "1"]
[SourceVersionDate "2020.05.31"]
[SourceQuality "1"]
[WhiteTeam "Tschaturanga"]
[BlackTeam "Mattersburg"]
[WhiteTeamCountry "AUT"]
[BlackTeamCountry "AUT"]

1. e4 c5 2. Nf3 d6 3. d4 cxd4 4. Nxd4 Nf6 5. Nc3 g6 6. Be3 Bg7 7. f3 Nc6 8. Bc4 a6 9. Bb3 Na5 10. Qd2 Nxb3 11. cxb3 h5 12. 0-0-0 Bd7 13. Kb1 Rc8 14. Bg5 Rc5 15. Rhe1 0-0 16. h4 Re8 17. Nc2 Nh7 18. Be3 Rc8 19. g4 hxg4 20. Nd5 Be6 21. h5 gxf3 22. Rh1 g5 23. Bxg5 Bxd5 24. exd5 Rxc2 25. Qxc2 Nxg5 26. Rdg1 Bf6 27. Qf5 e6 28. dxe6 Rxe6 29. Qxf3 Re1+ 30. Kc2 Kh8 31. Qf2 Rxg1 1/2-1/2

[Event "Santa Maria di Sala op 26th"]
[Site "Santa Maria di Sala"]
[Date "2018.12.09"]
[Round "5"]
[White "Olivetti, Davide"]
[Black "Solomon, Kenny"]
[Result "1/2-1/2"]
[WhiteElo "2267"]
[BlackElo "2416"]
[PlyCount "101"]
[EventDate "2018.12.07"]
[EventType "swiss"]
[EventRounds "5"]
[EventCountry "ITA"]
[SourceTitle "EXT 2022"]
[Source "ChessBase"]
[SourceDate "2021.10.06"]
[SourceVersion "1"]
[SourceVersionDate "2021.10.06"]
[SourceQuality "1"]

1. e4 e5 2. Nf3 Nc6 3. Bc4 Bc5 4. 0-0 Nf6 5. d4 Bxd4 6. Nxd4 Nxd4 7. Bg5 d6 8. f4 Qe7 9. Na3 Bd7 10. fxe5 dxe5 11. c3 Ne6 12. Bxe6 Qxe6 13. Bxf6 gxf6 14. Qf3 0-0-0 15. Qxf6 Qxf6 16. Rxf6 Be6 17. b3 Rhg8 18. Nc4 Bxc4 19. bxc4 Rd2 20. g3 Rg4 21. Re1 Rd7 22. Rh6 Rg7 23. Rf6 Kd8 24. Rf5 Re7 25. Rd1+ Ke8 26. c5 Rg4 27. c6 b6 28. Rh5 Re6 29. Rxh7 Rxc6 30. Rf1 f6 31. Rd1 Rd6 32. Rxd6 cxd6 33. Rxa7 Rxe4 34. Kf2 b5 35. h4 Rc4 36. h5 Kf8 37. Rd7 Rxc3 38. Rxd6 Kg7 39. Rb6 Ra3 40. Rxb5 Kh6 41. Rb2 Kxh5 42. Kg2 Kg4 43. Rb4+ Kg5 44. Rb2 f5 45. Re2 Kg4 46. Rxe5 Rxg3+ 47. Kf2 Rf3+ 48. Kg2 Ra3 49. Rb5 f4 50. Rb2 Rh3 51. Rb8 1/2-1/2

[Event "Santa Maria di Sala op 26th"]
[Site "Santa Maria di Sala"]
[Date "2018.12.08"]
[Round "3"]
[White "Monegato, Leonardo"]
[Black "Olivetti, Davide"]
[Result "0-1"]
[WhiteElo "1861"]
[BlackElo "2267"]
[PlyCount "66"]
[EventDate "2018.12.07"]
[EventType "swiss"]
[EventRounds "5"]
[EventCountry "ITA"]
[SourceTitle "EXT 2022"]
[Source "ChessBase"]
[SourceDate "2021.10.06"]
[SourceVersion "1"]
[SourceVersionDate "2021.10.06"]
[SourceQuality "1"]

1. d4 Nf6 2. Bf4 g6 3. e3 Bg7 4. h3 0-0 5. Nf3 d6 6. Bc4 Nbd7 7. 0-0 b6 8. Nbd2 Bb7 9. c3 Ne4 10. Bh2 Nxd2 11. Nxd2 e5 12. Nf3 Qe7 13. Re1 Kh8 14. dxe5 dxe5 15. Qe2 f5 16. Rad1 Nc5 17. Rd2 Ne4 18. Rdd1 Nc5 19. Rd2 g5 20. Red1 g4 21. Ne1 gxh3 22. Qh5 Rf6 23. Qh4 Qe8 24. Qxh3 Rh6 25. Qxf5 Qe7 26. Qg4 Rf8 27. f3 Rg6 28. Qh3 Bc8 29. g4 e4 30. Qg3 exf3 31. Qxc7 f2+ 32. Rxf2 Qxe3 33. Nd3 Nxd3 0-1

[Event "Treviso Lega Master op 2nd"]
[Site "Treviso"]
[Date "2018.04.03"]
[Round "3"]
[White "Olivetti, Davide"]
[Black "Seresin, Francesco"]
[Result "0-1"]
[WhiteElo "2173"]
[BlackElo "2233"]
[PlyCount "88"]
[EventDate "2018.03.02"]
[EventType "swiss"]
[EventRounds "5"]
[EventCountry "ITA"]
[SourceTitle "EXT 2022"]
[Source "ChessBase"]
[SourceDate "2021.10.06"]
[SourceVersion "1"]
[SourceVersionDate "2021.10.06"]
[SourceQuality "1"]

1. e4 c6 2. d4 d5 3. f3 g6 4. Nc3 Bg7 5. Be3 dxe4 6. fxe4 Nf6 7. Nf3 Nbd7 8. Bc4 0-0 9. e5 Ng4 10. Bf4 c5 11. e6 fxe6 12. Bxe6+ Kh8 13. Ng5 Nh6 14. 0-0 cxd4 15. Nb5 Nc5 16. Bc7 Rxf1+ 17. Qxf1 Qe8 18. Bf7 Qc6 19. Bd8 Qf6 20. Bxe7 Qxe7 21. Re1 Be6 22. Nxe6 Nxe6 23. Bxe6 Rf8 24. Qc4 Nf5 25. Nc7 Nd6 26. Qc5 b6 27. Qc6 Rc8 28. Nd5 Rxc6 29. Nxe7 Rxc2 30. Bb3 Rxb2 31. Re6 Bf8 32. Nd5 d3 33. g4 d2 34. Ne3 Nf7 35. h4 Bc5 36. Kf1 Bxe3 37. Ke2 Bc5 38. g5 Kg7 39. Rc6 d1Q+ 40. Kxd1 Rf2 41. Ke1 Rf4 42. Rc7 Bf2+ 43. Ke2 Bxh4 44. Rc8 Bxg5 0-1

[Event "Venice Autumn op 24th"]
[Site "Venice"]
[Date "2017.10.31"]
[Round "6"]
[White "Olivetti, Davide"]
[Black "Del Monaco, Andrea"]
[Result "0-1"]
[WhiteElo "2177"]
[BlackElo "2325"]
[PlyCount "58"]
[EventDate "2017.10.28"]
[EventType "swiss"]
[EventRounds "7"]
[EventCountry "ITA"]
[SourceTitle "CBM 181 Extra"]
[Source "ChessBase"]
[SourceDate "2017.12.12"]
[SourceVersion "1"]
[SourceVersionDate "2017.12.12"]
[SourceQuality "1"]

1. e4 c5 2. Nf3 g6 3. Nc3 Bg7 4. d4 cxd4 5. Nxd4 Nc6 6. Be3 Nf6 7. Bc4 0-0 8. Bb3 d6 9. f3 Bd7 10. h4 Nxd4 11. Bxd4 b5 12. Qd2 a5 13. a4 bxa4 14. Nxa4 Be6 15. Bxe6 fxe6 16. 0-0-0 Rb8 17. h5 Nxh5 18. Bxg7 Kxg7 19. g4 Nf4 20. Qh2 h5 21. gxh5 g5 22. h6+ Kh7 23. c3 Qe8 24. Qc2 e5 25. Kb1 Qb5 26. Rhg1 Rg8 27. Rd2 Qc4 28. Rd5 Nxd5 29. exd5+ Kh8 0-1

[Event "Treviso op-A 1st"]
[Site "Treviso"]
[Date "2017.03.19"]
[Round "4.7"]
[White "Olivetti, Davide"]
[Black "Seresin, Francesco"]
[Result "0-1"]
[WhiteElo "2116"]
[BlackElo "2296"]
[PlyCount "118"]
[EventDate "2017.03.17"]
[EventType "swiss"]
[EventRounds "5"]
[EventCountry "ITA"]
[SourceTitle "EXT 2024"]
[Source "ChessBase"]
[SourceDate "2023.10.10"]
[SourceVersion "1"]
[SourceVersionDate "2023.10.10"]
[SourceQuality "1"]

1. e4 c6 2. Nc3 d5 3. Nf3 Bg4 4. h3 Bxf3 5. Qxf3 e6 6. d4 Nf6 7. Bd3 dxe4 8. Nxe4 Nbd7 9. c3 Nxe4 10. Qxe4 Nf6 11. Qe2 Be7 12. 0-0 0-0 13. Bg5 Qa5 14. f4 Nd5 15. Qh5 g6 16. Qh6 Qc7 17. Rae1 Rae8 18. Re5 Bd6 19. Rxd5 f6 20. Rxd6 Qxd6 21. Bh4 Re7 22. Bf2 b5 23. Be3 Qd5 24. b3 a5 25. c4 bxc4 26. bxc4 Qd6 27. c5 Qd5 28. Rf2 a4 29. Qh4 Rb7 30. Qg4 a3 31. Qf3 Rb2 32. Qxd5 exd5 33. Bc1 Rb4 34. Bxa3 Rxd4 35. Bf1 Kf7 36. Bb2 Rd1 37. Bc3 Rb8 38. g4 Rc1 39. Bb2 Rxc5 40. Re2 Ra5 41. g5 fxg5 42. fxg5 Rxa2 43. Rf2+ Ke8 44. Be5 Rxf2 45. Kxf2 Rb3 46. h4 Kf7 47. Be2 Ke6 48. Bf6 Kf5 49. h5 gxh5 50. Bd1 Rb7 51. Kg3 h6 52. Bc2+ Ke6 53. Bd1 hxg5 54. Bxg5 Kf5 55. Bc1 Rg7+ 56. Kf2 h4 57. Bc2+ Ke5 58. Ke3 d4+ 59. Kf3 Rg3+ 0-1

[Event "Treviso op-A 1st"]
[Site "Treviso"]
[Date "2017.03.17"]
[Round "1.6"]
[White "Dappiano, Andrea"]
[Black "Olivetti, Davide"]
[Result "1-0"]
[WhiteElo "2306"]
[BlackElo "2116"]
[PlyCount "117"]
[EventDate "2017.03.17"]
[EventType "swiss"]
[EventRounds "5"]
[EventCountry "ITA"]
[SourceTitle "EXT 2024"]
[Source "ChessBase"]
[SourceDate "2023.10.10"]
[SourceVersion "1"]
[SourceVersionDate "2023.10.10"]
[SourceQuality "1"]

1. e4 c6 2. c4 d5 3. cxd5 cxd5 4. exd5 Nf6 5. Nc3 g6 6. Bc4 Bg7 7. Nf3 0-0 8. 0-0 Nbd7 9. d3 a6 10. a4 b6 11. Re1 Bb7 12. d4 b5 13. axb5 Nb6 14. Bf1 axb5 15. Rxa8 Qxa8 16. d6 exd6 17. Nxb5 Ne4 18. Ng5 d5 19. f3 Nxg5 20. Bxg5 Re8 21. Be7 Qa4 22. b3 Qa5 23. Bb4 Qa8 24. Rxe8+ Qxe8 25. Qe2 Qe6 26. Bc5 Nd7 27. Qxe6 fxe6 28. Nd6 Nxc5 29. dxc5 Bd4+ 30. Kh1 Bc6 31. b4 Kf8 32. g3 e5 33. Bd3 Ke7 34. Kg2 Kd8 35. Nf7+ Ke7 36. Nd6 Kd8 37. b5 Bd7 38. c6 Be6 39. h4 Kc7 40. Ne8+ Kb6 41. g4 e4 42. fxe4 dxe4 43. Bxe4 Bxg4 44. Kg3 Be6 45. Kf4 Bf2 46. Kg5 Bd4 47. Kh6 Bf2 48. Kg5 Bd4 49. Bd3 Be5 50. Nf6 Bg3 51. Nxh7 Bf7 52. Nf8 Kc7 53. Nxg6 Kd8 54. Nf4 Bf2 55. h5 Kc7 56. h6 Bd4 57. Kf5 Bb2 58. h7 Be8 59. Nd5+ 1-0

[Event "Arco Christmas op 7th"]
[Site "Arco"]
[Date "2016.12.28"]
[Round "4"]
[White "Olivetti, Davide"]
[Black "De Santis, Alessio"]
[Result "1/2-1/2"]
[WhiteElo "2091"]
[BlackElo "2222"]
[PlyCount "40"]
[EventDate "2016.12.26"]
[EventType "swiss"]
[EventRounds "7"]
[EventCountry "ITA"]
[SourceTitle "CBM 176 Extra"]
[Source "ChessBase"]
[SourceDate "2017.03.02"]
[SourceVersion "1"]
[SourceVersionDate "2017.03.02"]
[SourceQuality "1"]

1. e4 d6 2. Nc3 Nf6 3. d4 e5 4. Nf3 exd4 5. Nxd4 Be7 6. Bf4 0-0 7. Qd2 Nc6 8. 0-0-0 Nxd4 9. Qxd4 a6 10. Kb1 b5 11. f3 c5 12. Qd2 b4 13. Ne2 Be6 14. g4 Qa5 15. Nc1 c4 16. h4 c3 17. Qe3 cxb2 18. Nb3 Qa3 19. Qd4 a5 20. Qxb2 Qxb2+ 1/2-1/2

[Event "Arco Christmas op 7th"]
[Site "Arco"]
[Date "2016.12.27"]
[Round "3"]
[White "Belli, Giorgio"]
[Black "Olivetti, Davide"]
[Result "1/2-1/2"]
[WhiteElo "2157"]
[BlackElo "2091"]
[PlyCount "47"]
[EventDate "2016.12.26"]
[EventType "swiss"]
[EventRounds "7"]
[EventCountry "ITA"]
[SourceTitle "CBM 176 Extra"]
[Source "ChessBase"]
[SourceDate "2017.03.02"]
[SourceVersion "1"]
[SourceVersionDate "2017.03.02"]
[SourceQuality "1"]

1. e4 c5 2. Nf3 d6 3. d4 Nf6 4. Nc3 cxd4 5. Nxd4 a6 6. Bg5 Nbd7 7. f4 Qc7 8. Qf3 h6 9. Bxf6 Nxf6 10. f5 Qc5 11. 0-0-0 g5 12. e5 Qxe5 13. g3 h5 14. Kb1 h4 15. Bg2 hxg3 16. hxg3 Rxh1 17. Bxh1 Rb8 18. Bg2 g4 19. Qf2 Bg7 20. Re1 Qc5 21. Qe3 Qe5 22. Qf2 Qc5 23. Qe3 Qe5 24. Qf2 1/2-1/2

[Event "Caldaro Puntay op-A 1st"]
[Site "Caldaro"]
[Date "2016.10.23"]
[Round "5"]
[White "Olivetti, Davide"]
[Black "Smole, Albert"]
[Result "0-1"]
[WhiteElo "2157"]
[BlackElo "2045"]
[PlyCount "110"]
[EventDate "2016.10.21"]
[EventType "swiss"]
[EventRounds "5"]
[EventCountry "ITA"]
[SourceTitle "EXT 2018"]
[Source "ChessBase"]
[SourceDate "2017.10.13"]
[SourceVersion "1"]
[SourceVersionDate "2017.10.13"]
[SourceQuality "1"]

1. d3 d5 2. Nf3 c5 3. g3 Nc6 4. Bg2 h6 5. 0-0 Bf5 6. Nbd2 Nf6 7. b3 e5 8. Nh4 Be6 9. e4 dxe4 10. dxe4 Be7 11. Nf5 0-0 12. c3 Re8 13. Nxe7+ Rxe7 14. Qe2 Rd7 15. Rd1 Qa5 16. Bb2 Rad8 17. Bf3 b5 18. Kg2 b4 19. Nc4 Bxc4 20. Qxc4 Rxd1 21. cxb4 Qxb4 22. Rxd1 Rxd1 23. Bxd1 Qxc4 24. bxc4 Nxe4 25. Ba4 Nd4 26. Ba3 a6 27. Bd7 Ne6 28. Bc8 a5 29. Bb2 Nd6 30. Bxe6 fxe6 31. Ba3 Nxc4 32. Bxc5 e4 33. Kf1 Kf7 34. Ke2 g6 35. Kd1 e5 36. Kc2 Ke6 37. Kb3 Kd5 38. Be7 e3 39. fxe3 Nxe3 40. Ka4 Nc4 41. Kb5 e4 42. g4 e3 43. Bf6 Ne5 44. Bd8 Nc6 45. Bh4 g5 46. Bg3 e2 47. a4 Nd4+ 48. Kxa5 Kc6 49. Kb4 e1Q+ 50. Bxe1 Nc2+ 51. Kc4 Nxe1 52. h3 Nf3 53. Kd3 Ng1 54. h4 gxh4 55. Ke3 Nh3 0-1

[Event "Caldaro Puntay op-A 1st"]
[Site "Caldaro"]
[Date "2016.10.23"]
[Round "4"]
[White "Paltrinieri, Nicholas"]
[Black "Olivetti, Davide"]
[Result "1-0"]
[WhiteElo "2235"]
[BlackElo "2157"]
[PlyCount "38"]
[EventDate "2016.10.21"]
[EventType "swiss"]
[EventRounds "5"]
[EventCountry "ITA"]
[SourceTitle "EXT 2018"]
[Source "ChessBase"]
[SourceDate "2017.10.13"]
[SourceVersion "1"]
[SourceVersionDate "2017.10.13"]
[SourceQuality "1"]

1. f4 e5 2. fxe5 d6 3. Nf3 dxe5 4. e4 Bc5 5. c3 Nf6 6. Be2 0-0 7. Qc2 Nc6 8. b4 Bb6 9. Na3 Nh5 10. d3 a6 11. Nc4 Ba7 12. g3 f5 13. Nfxe5 Nxe5 14. Nxe5 Qe7 15. d4 Nf6 16. exf5 Nd5 17. Bc4 c6 18. Rf1 Kh8 19. Qe2 Rxf5 1-0

[Event "Arco op 38th"]
[Site "Arco"]
[Date "2016.10.12"]
[Round "5"]
[White "Olivetti, Davide"]
[Black "Occari, Maurizio"]
[Result "0-1"]
[WhiteElo "2157"]
[BlackElo "2033"]
[PlyCount "138"]
[EventDate "2016.10.08"]
[EventType "swiss"]
[EventRounds "9"]
[EventCountry "ITA"]
[SourceTitle "EXT 2017"]
[Source "ChessBase"]
[SourceDate "2016.10.25"]
[SourceVersion "1"]
[SourceVersionDate "2016.10.25"]
[SourceQuality "1"]

1. e4 g6 2. d4 Bg7 3. Nc3 d6 4. Bf4 e6 5. Nf3 Ne7 6. Qd2 h6 7. a4 Nbc6 8. Be2 Bd7 9. 0-0 g5 10. Be3 Ng6 11. d5 Nce7 12. dxe6 fxe6 13. Nd4 e5 14. Nb3 Be6 15. Bb5+ Kf7 16. g3 Rf8 17. f4 gxf4 18. gxf4 exf4 19. Bxf4 Nxf4 20. Rxf4+ Kg8 21. Rxf8+ Qxf8 22. Rf1 Qd8 23. Nd4 Bf7 24. Kh1 Ng6 25. Rxf7 Kxf7 26. Bc4+ Ke8 27. Ne6 Bxc3 28. bxc3 Qe7 29. Qxh6 Nf8 30. Ng5 c6 31. Qh4 Kd7 32. Qg4+ Kc7 33. h4 Re8 34. Bf7 Rd8 35. Qf5 Kb8 36. h5 Nd7 37. h6 Nf6 38. h7 Rh8 39. Kg2 Nd7 40. Bg8 Qg7 41. Kf1 Nf6 42. Nf7 Nxh7 43. Nxh8 Qxg8 44. Nf7 Kc7 45. e5 dxe5 46. Qxe5+ Kd7 47. Qf5+ Ke7 48. Ne5 Kd6 49. Nf7+ Ke7 50. Ne5 Kd6 51. c4 Qf8 52. c5+ Kc7 53. Nf7 Ng5 54. Qf4+ Kd7 55. Qf5+ Ke7 56. Qxg5+ Kxf7 57. Qf5+ Ke7 58. Qxf8+ Kxf8 59. Ke2 Kf7 60. Kd3 Ke6 61. Ke4 b5 62. cxb6 axb6 63. Kd4 Kd6 64. c3 c5+ 65. Ke4 Ke6 66. c4 Kd6 67. Kf5 Kc6 68. Ke6 Kb7 69. Kd5 Ka6 0-1

[Event "Arco op 38th"]
[Site "Arco"]
[Date "2016.10.08"]
[Round "1"]
[White "Olivetti, Davide"]
[Black "Pipitone, Antonio"]
[Result "0-1"]
[WhiteElo "2157"]
[BlackElo "1836"]
[PlyCount "72"]
[EventDate "2016.10.08"]
[EventType "swiss"]
[EventRounds "9"]
[EventCountry "ITA"]
[SourceTitle "EXT 2017"]
[Source "ChessBase"]
[SourceDate "2016.10.25"]
[SourceVersion "1"]
[SourceVersionDate "2016.10.25"]
[SourceQuality "1"]

1. e4 c5 2. Nc3 Nc6 3. Bb5 e6 4. Bxc6 bxc6 5. d3 Nf6 6. e5 Nd5 7. Ne4 d6 8. c4 Nb6 9. exd6 Bxd6 10. Qg4 Bf8 11. Bg5 Qc7 12. Nf3 e5 13. Qg3 f5 14. Nc3 Bd6 15. Qh4 0-0 16. 0-0-0 Be6 17. Bd2 h6 18. Rhe1 Nd7 19. Bxh6 gxh6 20. Qxh6 Rf6 21. Qg5+ Kf8 22. Nh4 Ke8 23. f4 e4 24. Qh5+ Kd8 25. dxe4 Bxf4+ 26. Kb1 Rh6 27. exf5 Rxh5 28. fxe6 Rxh4 29. Ne4 Be5 30. Nxc5 Rd4 31. exd7 Rxd1+ 32. Rxd1 Ke7 33. Re1 Qd6 34. Nb7 Qd3+ 35. Kc1 Qxc4+ 36. Kb1 Qd4 0-1

[Event "Crema op-A 17th"]
[Site "Crema"]
[Date "2016.09.04"]
[Round "5"]
[White "Olivetti, Davide"]
[Black "Ventura, Franco"]
[Result "1-0"]
[WhiteElo "2140"]
[BlackElo "2075"]
[PlyCount "101"]
[EventDate "2016.09.02"]
[EventType "swiss"]
[EventRounds "6"]
[EventCountry "ITA"]
[SourceTitle "EXT 2018"]
[Source "ChessBase"]
[SourceDate "2017.10.13"]
[SourceVersion "1"]
[SourceVersionDate "2017.10.13"]
[SourceQuality "1"]

1. e4 e5 2. Nf3 d6 3. d4 exd4 4. Nxd4 Nf6 5. Nc3 g6 6. Be3 Bg7 7. Qd2 0-0 8. 0-0-0 Re8 9. f3 Nc6 10. h4 Nxd4 11. Bxd4 Be6 12. h5 c5 13. Be3 Qa5 14. hxg6 fxg6 15. Bh6 Bh8 16. Kb1 b5 17. Nd5 Qxd2 18. Nxf6+ Bxf6 19. Rxd2 Red8 20. Bxb5 Bxb2 21. Kxb2 Rab8 22. Rhd1 Rxb5+ 23. Ka1 Ra5 24. Rxd6 Rxa2+ 25. Kb1 Rb8+ 26. Kc1 Rbb2 27. R1d2 Rb8 28. Rd8+ Rxd8 29. Rxd8+ Kf7 30. Rh8 Ra1+ 31. Kb2 Rg1 32. Rxh7+ Ke8 33. Be3 Rxg2 34. Bxc5 Bf7 35. Rh8+ Kd7 36. Ra8 g5 37. Rxa7+ Ke6 38. Ra6+ Kd7 39. Ra7+ Ke6 40. Ra6+ Ke5 41. Kc3 Bh5 42. Bd4+ Kf4 43. Rf6+ Kg3 44. Be5+ Kf2 45. Bd4+ Kg3 46. Be5+ Kf2 47. Bd6 Bxf3 48. e5 Ke3 49. e6 Be4 50. e7 Rxc2+ 51. Kb3 1-0

[Event "Crema op-A 17th"]
[Site "Crema"]
[Date "2016.09.03"]
[Round "3"]
[White "Olivetti, Davide"]
[Black "Capitelli, Paolo"]
[Result "1/2-1/2"]
[WhiteElo "2140"]
[BlackElo "2080"]
[PlyCount "55"]
[EventDate "2016.09.02"]
[EventType "swiss"]
[EventRounds "6"]
[EventCountry "ITA"]
[SourceTitle "EXT 2018"]
[Source "ChessBase"]
[SourceDate "2017.10.13"]
[SourceVersion "1"]
[SourceVersionDate "2017.10.13"]
[SourceQuality "1"]

1. e4 c5 2. Nf3 e6 3. Nc3 Nc6 4. d4 cxd4 5. Nxd4 Nf6 6. Nxc6 bxc6 7. e5 Nd5 8. Ne4 Qc7 9. f4 Qa5+ 10. c3 Qb6 11. c4 Bb4+ 12. Ke2 f5 13. Nf2 Ba6 14. Kf3 Nc7 15. Be3 Bc5 16. Bxc5 Qxc5 17. Qd6 Qb6 18. Rd1 0-0-0 19. c5 Qa5 20. Bxa6+ Qxa6 21. Qd3 Qxd3+ 22. Rxd3 Nd5 23. Ra3 Kb7 24. Nd1 Ka8 25. Ne3 Rb8 26. Nxd5 cxd5 27. Rc1 Rhc8 28. Rc2 1/2-1/2